Synoptic Studies: (Record no. 3384)

MARC details
000 -LEADER
fixed length control field 00603nam a2200193Ia 4500
003 - CONTROL NUMBER IDENTIFIER
control field GBCCL
005 - DATE AND TIME OF LATEST TRANSACTION
control field 20241126110453.0
008 - FIXED-LENGTH DATA ELEMENTS--GENERAL INFORMATION
fixed length control field 171127b xxu||||| |||| 00| 0 eng d
020 ## - INTERNATIONAL STANDARD BOOK NUMBER
International Standard Book Number 81-7475-018-5
040 ## - CATALOGING SOURCE
Transcribing agency gbc
082 ## - DEWEY DECIMAL CLASSIFICATION NUMBER
Classification number 226.07
Item number WIN
100 ## - MAIN ENTRY--PERSONAL NAME
Personal name Wintle, Brian C.
9 (RLIN) 6905
245 ## - TITLE STATEMENT
Title Synoptic Studies:
Remainder of title A Primer /
Statement of responsibility, etc. Brian C. Wintle
260 ## - PUBLICATION, DISTRIBUTION, ETC.
Name of publisher, distributor, etc. Theological Book Trust,
Place of publication, distribution, etc. Bangalore:
Date of publication, distribution, etc. 1998
300 ## - PHYSICAL DESCRIPTION
Extent 213p.;
Dimensions 20 cm.
440 ## - SERIES STATEMENT/ADDED ENTRY--TITLE
Title An Introduction to study of the Synoptic Gospels and a commentary on Mark
Volume/sequential designation v. 1
9 (RLIN) 6906
650 ## - SUBJECT ADDED ENTRY--TOPICAL TERM
Topical term or geographic name entry element Synoptic Gospel
Form subdivision Studies
9 (RLIN) 6907
942 ## - ADDED ENTRY ELEMENTS (KOHA)
Edition V1
Source of classification or shelving scheme Dewey Decimal Classification
Koha item type Books
Koha issues (borrowed), all copies 97
Holdings
Withdrawn status Lost status Source of classification or shelving scheme Damaged status Not for loan Home library Current Library Shelving location Date acquired Total checkouts Total renewals Full call number Barcode Date last seen Date last checked out Copy number Price effective from Koha item type
    Dewey Decimal Classification     GRACE BIBLE COLLEGE GRACE BIBLE COLLEGE Biblical Studies 2017-11-27 48 8 226.07 WIN 005258 2025-05-01 2025-01-24 v.1 2017-11-27 Books
    Dewey Decimal Classification     GRACE BIBLE COLLEGE GRACE BIBLE COLLEGE Biblical Studies 2018-01-16 28 4 226.07 WIN 005259 2025-05-01 2024-03-14 v.1 c.2 2018-01-16 Books
    Dewey Decimal Classification     GRACE BIBLE COLLEGE GRACE BIBLE COLLEGE Biblical Studies 2018-01-16 23 2 226.07 WIN 005260 2025-05-01 2024-02-27 v.1 c.3 2018-01-16 Books
© Grace Bible College Library 2025